Historia económica, política y social de la argentina (1880-2003) /
Guardado en:
| Autor Principal: | |
|---|---|
| Otros Autores: | , , |
| Formato: | Libro |
| Publicado: |
Buenos Aires :
Ariel,
2006
|
| Materias: | |
| Etiquetas: |
Agregar Etiqueta
Sin Etiquetas, Sea el primero en etiquetar este registro!
|
| LEADER | 01507nam a22002775a 4500 | ||
|---|---|---|---|
| 001 | CEM.cems012166 | ||
| 005 | 20060714000000.0 | ||
| 008 | 130507s2006##################000#0#####d | ||
| 003 | CEMS | ||
| 020 | |a 9509122955 | ||
| 082 | 0 | 4 | |a 982 |
| 100 | 1 | |a Rapaport, Mario | |
| 245 | 1 | 0 | |a Historia económica, política y social de la argentina (1880-2003) / |c Mario Rapaport ; eduardo Madrid ; andrés Musacchio ; ricardo Vicente |
| 260 | |a Buenos Aires : |b Ariel, |c 2006 | ||
| 300 | |a 1037 p. | ||
| 505 | 0 | |a El modelo agroexportador (1880-1914) -- Economía y sociedad en los años 20 (1914-1930) -- La crisis mundial, la industrialización y la intervención del Estado (1930-1945) -- Los gobiernos peronistas (1946-1955) -- Una década de inestabilidad (1955-1966) -- Del "tiempo económico" a la crisis política (1966-1976) -- La dictadura militar y la crisis económica (1976-1983) -- Retorno a la democracia y neoliberalismo (1983-1999) -- La crisis económica principios de siglo (2000-2003) -- Presidentes de la República Argentina (1880-2005) -- Ministros de Hacienda y Economía de la República Argentina (1880-2005) | |
| 653 | |a Historia | ||
| 653 | |a Historia argentina | ||
| 653 | |a Historia política argentina | ||
| 653 | |a Historia económica argentina | ||
| 653 | |a Historia social de argentina | ||
| 653 | |a Historia argentina 1880-2003 | ||
| 700 | 1 | |a Madrid, Eduardo | |
| 700 | 1 | |a Musacchio, Andrés | |
| 700 | 1 | |a Vicente, Ricardo | |
| 859 | |a CEMS |b BIB. CEMS - 11 de abril |h 982 |i R18 |p 23379.06 |t Ej.1 | ||
